309561 रधुवीर सहाय रचनावली 5खण्ड (Record no. 13684)
[ view plain ]
| 000 -LEADER | |
|---|---|
| fixed length control field | 00492nam a2200169Ia 4500 |
| 008 - FIXED-LENGTH DATA ELEMENTS--GENERAL INFORMATION | |
| fixed length control field | 230917s9999||||xx |||||||||||||| ||und|| |
| 020 ## - ISBN | |
| Price | RS5100 |
| 040 ## - CATALOGING SOURCE | |
| -- | 222825 |
| Original cataloging agency | VIVEKANANDA LIBRARY |
| 041 ## - Language | |
| -- | English |
| 082 ## - DDC NUMBER | |
| Classification number | 891.431721 SR19:SS |
| 100 ## - MAIN ENTRY--PERSONAL NAME | |
| Personal name | नई दिल्ली |
| 245 #0 - TITLE STATEMENT | |
| Title | 309561 रधुवीर सहाय रचनावली 5खण्ड |
| 250 ## - EDITION STATEMENT | |
| Edition statement | 2013 ed. |
| 260 ## - PUBLICATION, DISTRIBUTION, ETC. (IMPRINT) | |
| Place of publication, distribution, etc | 586 पृ. |
| 500 ## - GENERAL NOTE | |
| General note | 1835 14/01/2015 RAJKAMAL6917 24/01/2015 Main Budget |
| 942 ## - ADDED ENTRY ELEMENTS (KOHA) | |
| Koha item type | Books |
| Withdrawn status | Lost status | Damaged status | Not for loan | Location (home branch) | Sublocation or collection (holding branch) | Date acquired | Koha issues (times borrowed) | Koha full call number | Accession No. | Koha date last seen | Koha item type |
|---|---|---|---|---|---|---|---|---|---|---|---|
| VIVEKANANDA LIBRARY | VIVEKANANDA LIBRARY | 11/08/2015 | 1 | 891.431721 SR19:SS | 309556 | 28/02/2025 | Books | ||||
| VIVEKANANDA LIBRARY | VIVEKANANDA LIBRARY | 11/08/2015 | 891.431721 SR19:SS | 309557 | 17/09/2023 | Books | |||||
| VIVEKANANDA LIBRARY | VIVEKANANDA LIBRARY | 11/08/2015 | 891.431721 SR19:SS | 309558 | 17/09/2023 | Books | |||||
| VIVEKANANDA LIBRARY | VIVEKANANDA LIBRARY | 11/08/2015 | 891.431721 SR19:SS | 309559 | 17/09/2023 | Books | |||||
| VIVEKANANDA LIBRARY | VIVEKANANDA LIBRARY | 11/08/2015 | 891.431721 SR19:SS | 309560 | 17/09/2023 | Books | |||||
| VIVEKANANDA LIBRARY | VIVEKANANDA LIBRARY | 11/08/2015 | 891.431721 SR19:SS | 309561 | 17/09/2023 | Books |
